Вып. 59/60; Кабельная техника

Podrobná bibliografie
Parent link:Кабельная техника: научно-технический сборник/ Информстандартэлектро. Вып. 59/60.— , 1961, 1963, 1967-1970
Jazyk:ruština
Vydáno: 1969
Médium: Kniha
KOHA link:https://koha.lib.tpu.ru/cgi-bin/koha/opac-detail.pl?biblionumber=504764

MARC

LEADER 00000nam2a2200000 4500
001 504764
005 20231101102844.0
035 |a (RuTPU)RU\TPU\prd\175581 
035 |a RU\TPU\prd\175580 
090 |a 504764 
100 |a 20130417b1969 k y0rusy50 ca 
101 0 |a rus 
102 |a RU 
200 0 |a Вып. 59/60 
210 |d 1969 
461 1 |0 (RuTPU)RU\TPU\prd\83  |t Кабельная техника  |o научно-технический сборник  |f Информстандартэлектро  |v Вып. 59/60  |d 1961, 1963, 1967-1970 
801 0 |a RU  |b 63413507  |c 20010227  |g PSBO 
801 1 |a RU  |b 63413507  |c 20130417 
801 2 |a RU  |b 63413507  |c 20130417  |g RCR 
942 |c BK 
999 |a НТБ_ТПУ  |b НФ  |e -4/20130109  |p П-6830  |u 0,00  |v 1